000 00657nam a2200241Ia 4500
003 OSt
005 20220926002448.0
006 a|||||r|||| 00| 0
007 ta
008 220923b |||||||| |||| 00| 0 eng d
020 _a8120804414
037 _cGeneral Book
040 _aRTL
_cRTL
_beng
041 _2eng
_aeng
082 _aY:3(0152,1J03), M0
100 _aAlston A J
_9305901
245 0 _aDevotional poems of mirabai
260 _a New Delhi
_bMotilal BanarsiDass Pub.
_c2005
300 _ax, 144p
_ccm.
650 _aSociology
942 _hY:3(0152,1J03), M0
_cGB
_2CC
999 _c605108
_d605108